| 000 | 00444 a2200157 4500 | ||
|---|---|---|---|
| 005 | 20250515151755.0 | ||
| 020 | _a0-205-07718-8 | ||
| 082 | _a658.403 DAE | ||
| 100 | _aDAELLENBACH, H, G. | ||
| 245 | _aIntroction to Operations Research Techniques. | ||
| 250 | _a2rd Ed | ||
| 260 |
_aLondon, _bAllyn and Bacon, _c1983. |
||
| 300 |
_axvii,711p.: ill.; figure, table _bIndex _c23cm. |
||
| 700 | _aGEOGRE, J. A. & McNICKLE, D. C. | ||
| 942 |
_2ddc _cBKS |
||
| 999 |
_c2330 _d2330 |
||